| 000 | 00454nam a2200193Ia 4500 | ||
|---|---|---|---|
| 005 | 20240823033747.0 | ||
| 008 | 240823s9999||||xx |||||||||||||| ||und|| | ||
| 020 | _a81-7587-022-2 | ||
| 041 | _aURUDU | ||
| 082 | _A891.439 P3 | ||
| 100 | _aNaseem Ahmad Ed. | ||
| 245 | 0 | _aDewan e Dard | |
| 250 | _a1st | ||
| 260 |
_c2003 _bNational Council for Promotion of Urdu Lan |
||
| 500 | _aYES | ||
| 650 |
_aUrdu _bGeneral |
||
| 942 | _cBK | ||
| 999 |
_c196588 _d196588 |
||